ADORATRICI DEL SANGUE DI CRISTO IN INDIA (LE) (Record n. 106534)

Dettagli MARC
000 -LEADER
fixed length control field 01344agaaa2200301 4500
001 - CONTROL NUMBER
control field 9649
003 - CONTROL NUMBER IDENTIFIER
control field IT-RoPAU
005 - DATE AND TIME OF LATEST TRANSACTION
control field 20220918181247.0
007 - PHYSICAL DESCRIPTION FIXED FIELD--GENERAL INFORMATION
fixed length control field d cvaizq
008 - FIXED-LENGTH DATA ELEMENTS--GENERAL INFORMATION
fixed length control field 50131s9999||||xx ||| | || ||und||
040 ## - CATALOGING SOURCE
Original cataloging agency IT-RoPAU
Transcribing agency IT-RoPAU
041 ## - LANGUAGE CODE
Language code of text/sound track or separate title ITALIANO
100 ## - MAIN ENTRY--PERSONAL NAME
Personal name Gargani Romano
Miscellaneous information Codice regista SPICS: 39851
9 (RLIN) 36806
130 ## - MAIN ENTRY--UNIFORM TITLE
Uniform title ADORATRICI DEL SANGUE DI CRISTO IN INDIA (LE)
9 (RLIN) 47398
245 ## - TITLE STATEMENT
Title ADORATRICI DEL SANGUE DI CRISTO IN INDIA (LE)
Statement of responsibility, etc. Sceneggiatura: Pizzardi Remo -- Diretto da: Gargani Romano
Name of part/section of a work ADORATRICI DEL SANGUE DI CRISTO IN INDIA (LE) (Rif. Codice opera principale : B9649)
250 ## - EDITION STATEMENT
Edition statement Edizione Standard
260 ## - PUBLICATION, DISTRIBUTION, ETC. (IMPRINT)
Place of publication, distribution, etc. MILANO (ITALIA)
Name of publisher, distributor, etc. FUMETTI D'ARTE /
Date of manufacture "1993 (1° ed.: 1993 ; Ed. Lingua Orig.: 1993)"
300 ## - PHYSICAL DESCRIPTION
Extent VHS
Other physical details sonoro, col.
Dimensions 30 minuti
508 ## - CREATION/PRODUCTION CREDITS NOTE
Creation/production credits note "Musica: Rosa Davide; Sceneggiatura: Pizzardi Remo; "
520 ## - SUMMARY, ETC.
Summary, etc. DOCUMENTARIO VOCAZIONALE. SUORE ADORATRICI DEL SANGUE DI CRISTO IN INDIA.
538 ## - SYSTEM DETAILS NOTE
System details note PAL, STEREO
546 ## - LANGUAGE NOTE
Language note ITALIANO
650 ## - SUBJECT ADDED ENTRY--TOPICAL TERM
Topical term or geographic name as entry element DOCUMENTARIO
Relator term TV-PROGRAMMI RELIGIOSI [VHS]
General subdivision Codice MATERIA SPICS: 9963
9 (RLIN) 36814
700 ## - ADDED ENTRY--PERSONAL NAME
Personal name Gargani Romano
Relator term (regista)
Miscellaneous information Codice regista SPICS: 39851
9 (RLIN) 36806
700 ## - ADDED ENTRY--PERSONAL NAME
Personal name Gargani Romano
Relator term (soggetto)
Miscellaneous information Codice Soggetto SPICS: 39851
9 (RLIN) 47399
700 ## - ADDED ENTRY--PERSONAL NAME
Personal name Rosa Davide
Relator term (musica)
Miscellaneous information Codice Musica SPICS: 39850
9 (RLIN) 47400
942 ## - ADDED ENTRY ELEMENTS (KOHA)
Koha item type VHS - VIDEO
Source of classification or shelving scheme Dewey Decimal Classification
Dati di copia
Withdrawn status Lost status Damaged status Not for loan Home library Current library Date acquired Total Checkouts Full call number Date last seen Price effective from Koha item type Public note
    Buone Condizioni Not For Loan SPICS-MEDIATECA SPICS-MEDIATECA 31/01/2015   B9649 31/01/2015 31/01/2015 VHS - VIDEO Progr. Ins.: 287 / N.Vol.:1 / Copie: 1 / Pag.:0 / Copia rara: n.d. / date import: 1.2.2015 / By Epidotti, Trombetti, Vaglietti
CREDITS: SOCIETA' SAN PAOLO Via A.Severo, 58 - ROMA (RM) & PERIODICI SAN PAOLO SRL Via Giotto, 36 MILANO & CISF Via Giotto, 36 MILANO & EDIZIONI SAN PAOLO SRL,  Piazza Soncino, 5 CINISELLO BALSAMO (MI) -- ITALY